HOW DO Sloths POO? / (Record no. 174801)
[ view plain ]
| 000 -LEADER | |
|---|---|
| fixed length control field | 01142nam a22003617ia4500 |
| 005 - DATE AND TIME OF LATEST TRANSACTION | |
| control field | 20210110144016.0 |
| 008 - FIXED-LENGTH DATA ELEMENTS--GENERAL INFORMATION | |
| fixed length control field | 191105t20192019enko j 001 0 eng d |
| 020 ## - INTERNATIONAL STANDARD BOOK NUMBER | |
| International Standard Book Number | 9781474775137 |
| Qualifying information | hardback |
| Terms of availability | RM75.40 |
| 040 ## - CATALOGING SOURCE | |
| Original cataloging agency | PPAK |
| Language of cataloging | eng |
| Transcribing agency | PPAK |
| Description conventions | rda |
| 082 04 - DEWEY DECIMAL CLASSIFICATION NUMBER | |
| Classification number | 599.313 |
| Edition number | 23 |
| 090 00 - LOCALLY ASSIGNED LC-TYPE CALL NUMBER (OCLC); LOCAL CALL NUMBER (RLIN) | |
| Classification number (OCLC) (R) ; Classification number, CALL (RLIN) (NR) | 599.313 |
| Feature heading | FUR |
| Feature heading | RK |
| Classification number (OCLC) (R) ; Classification number, CALL (RLIN) (NR) | 599.313 |
| Feature heading | FUR |
| Feature heading | K |
| 100 1# - MAIN ENTRY--PERSONAL NAME | |
| Personal name | Furstinger, Nancy, |
| Relator term | author. |
| 245 10 - TITLE STATEMENT | |
| Title | HOW DO Sloths POO? / |
| Statement of responsibility, etc. | Nancy Furstinger ; Edited by Maddie Spalding |
| 264 #1 - PRODUCTION, PUBLICATION, DISTRIBUTION, MANUFACTURE, AND COPYRIGHT NOTICE | |
| Place of production, publication, distribution, manufacture | Oxford : |
| Name of producer, publisher, distributor, manufacturer | Raintree, |
| Date of production, publication, distribution, manufacture, or copyright notice | [2019] |
| Date of production, publication, distribution, manufacture, or copyright notice | ©2019 |
| 300 ## - PHYSICAL DESCRIPTION | |
| Extent | 32 pages : |
| Other physical details | colour photographs ; |
| Dimensions | 24 cm |
| 336 ## - CONTENT TYPE | |
| Source | rdacontent |
| Content type term | text |
| 337 ## - MEDIA TYPE | |
| Source | rdamedia |
| Media type term | unmediated |
| 338 ## - CARRIER TYPE | |
| Source | rdacarrier |
| Carrier type term | volume |
| 490 1# - SERIES STATEMENT | |
| Series statement | CRAZY ANIMAL FACTS |
| Series statement | BRIGHT IDEA BOOKS |
| 500 ## - GENERAL NOTE | |
| General note | Book Band Level: Purple. |
| General note | Includes index. |
| 504 ## - BIBLIOGRAPHY, ETC. NOTE | |
| Bibliography, etc. note | Bibliography: page 32. |
| 650 10 - SUBJECT ADDED ENTRY--TOPICAL TERM | |
| Topical term or geographic name entry element | Sloths |
| Form subdivision | Juvenile literature |
| Topical term or geographic name entry element | Animal droppings |
| Form subdivision | Juvenile literature |
| Topical term or geographic name entry element | Animal behavior |
| Form subdivision | Juvenile literature |
| 700 1# - ADDED ENTRY--PERSONAL NAME | |
| Personal name | Spalding, Maddie, |
| Relator term | editor. |
| 830 #0 - SERIES ADDED ENTRY--UNIFORM TITLE | |
| Uniform title | Crazy animal facts |
| Uniform title | Bright idea books |
| 942 ## - ADDED ENTRY ELEMENTS (KOHA) | |
| Source of classification or shelving scheme | Dewey Decimal Classification |
| Koha item type | Book |
| Withdrawn | Not for loan | Current library | Shelving location | Date acquired | Full call number | Barcode | Date last seen | Koha item type | Total Checkouts | Date last checked out |
|---|---|---|---|---|---|---|---|---|---|---|
| Not For Loan | Perpustakaan Alor Setar | Rujukan Kanak-kanak | 20/11/2019 | RK 599.313 FUR | A01619326 | 20/11/2019 | Book | |||
| Perpustakaan Alor Setar | Pinjaman Kanak-kanak | 26/01/2021 | K 599.313 FUR | A01669681 | 19/01/2025 | Book | 3 | 04/01/2025 | ||
| Not For Loan | Perpustakaan Awam Sungai Petani | Rujukan Kanak-kanak | 20/11/2019 | RK 599.313 FUR | A01619327 | 20/11/2019 | Book | |||
| Perpustakaan Baling | Pinjaman Kanak-kanak | 26/01/2021 | K 599.313 FUR | A01669682 | 26/01/2021 | Book |